000 01032nam a2200241Ia 4500
003 GCL
008 140319s9999 xx 000 0 ara d
020 _a8694319953
040 _aGCL /
_cGCL
082 0 4 _a320.540953
_bن ت
100 1 _aنورالدين بن الحبيب حجلاوى
245 1 0 _aتاثير الفكر الناصرى على الخليج العربى 1952 - 1971 /
_cنورالدين بن الحبيب حجلاوى
250 _aالاولى
260 _aبيروت :
_bمركز دراسات الوحدة العربية ،
_c2003
300 _a354 ص ؛
_c24 سم
650 0 4 _aالناصرية - العلاقات السياسية
650 0 4 _aالخليج العربى - العلاقات الخارجية
650 0 4 _aالاصلاح الاجتماعى - الكويت
650 0 4 _aالاصلاح الاجتماعى - دبى
650 0 4 _aالاصلاح الاجتماعى - البحرين
650 0 4 _aالاصلاح السياسى - الكويت - دبى - البحرين
942 _2ddc
_cBK
999 _c56798
_d56798